The School of violin-technics

Saved in:
Bibliografiske detaljer
Hovedforfatter: Schradieck, Henry (Author)
Format: Musical Score Bog
Sprog:engelsk
Udgivet: Nueva York G. Schirmer 1928
Serier:Schirmer's Library of Musical Classics, 515-516-517
Fag:
Tags: Tilføj Tag
Ingen Tags, Vær først til at tagge denne postø!

MARC

LEADER 00000ncm a2200000 a 4500
001 UCN8718
003 CL-VaPUC
005 20250228122902.0
008 011116e19280000US |||||||||||||||||eng|d
999 |c 298478  |d 298476 
040 |c Pontificia Universidad Católica de Valparaíso 
082 0 4 |a Vn787.2193 SCH 1928  |2 21 
100 0 |a Schradieck, Henry  |e author  |9 465078 
245 1 4 |a The School of violin-technics 
260 |a Nueva York  |b G. Schirmer  |c 1928 
300 |a v 
490 0 |a Schirmer's Library of Musical Classics, 515-516-517 
500 |a v.1: Exercises for promoting dexterity in the various positions 
500 |a v.2: Exercises in ddouble-stops 
500 |a v.3: Exercises in the different modes of bowing 
583 |a last modification  |c 20011116 00:00:00  |k Rodrigo Vera 
650 0 |a Violín  |x Técnicas de ejecución  |9 462624 
650 0 |a Violín  |x Estudio y ejercicios  |9 462626 
650 0 |a Violín  |x Interpretación  |9 462625 
650 0 |a Violín  |x Repertorio  |9 462649 
650 0 |a Pedagogía instrumental  |2 CL-VaPUC  |9 324009 
942 |c BK  |2 ddc 
945 |d 20011116 00:00:00  |a lriquelm 
952 |0 0  |1 0  |4 0  |6 VN_787_219300000000000_SCH_1928  |7 0  |8 F  |9 354081  |a BIBEDU  |b BIBEDU  |d 2019-11-21  |h v.1  |i 1178857  |o Vn787.2193 SCH 1928  |p 1178857  |r 2023-11-22  |w 2019-11-21  |y PA  |k MUS 
952 |0 0  |1 0  |4 0  |6 VN_787_219300000000000_SCH_1928  |7 0  |8 F  |9 354082  |a BIBEDU  |b BIBEDU  |d 2019-11-21  |h v.2  |i 1178865  |o Vn787.2193 SCH 1928  |p 1178865  |r 2023-11-22  |w 2019-11-21  |y PA  |k MUS 
952 |0 0  |1 0  |4 0  |6 VN_787_219300000000000_SCH_1928  |7 0  |8 F  |9 354083  |a BIBEDU  |b BIBEDU  |d 2019-11-21  |h v.3  |i 1178873  |o Vn787.2193 SCH 1928  |p 1178873  |r 2023-11-22  |w 2019-11-21  |y PA  |k MUS